[Event "13th EICC"]
[Site "Plovdiv BUL"]
[Date "2012.03.20"]
[Round "1.119"]
[White "Voiteanu, Gabriel"]
[Black "Maze, Sebastien"]
[Result "0-1"]
[WhiteTitle "FM"]
[BlackTitle "GM"]
[WhiteElo "2275"]
[BlackElo "2577"]
[WhiteFideId "1208810"]
[BlackFideId "613762"]
[EventDate "2012.03.20"]
[EventType "swiss"]

1. d4 Nf6 2. Nf3 e6 3. g3 b5 4. Bg2 Bb7 5. O-O Be7 6. a4 b4 7. c4 bxc3 8. bxc3
c5 9. a5 O-O 10. Qb3 Qc8 11. Na3 Nc6 12. Nc4 Ba6 13. Nfe5 d5 14. Nxc6 Qxc6 15.
Ne5 Qc7 16. Bf3 Rab8 17. Qa2 Ne4 18. Bf4 Bd6 19. Rfc1 c4 20. Bg4 Rb3 21. Nd3
Bxf4 22. gxf4 cxd3 23. Qxb3 Qxf4 24. Bf3 Bc4 25. Qb7 dxe2 26. Bxe4 dxe4 27. Qxa7
e3 28. f3 Qxf3 0-1

[Event "13th EICC"]
[Site "Plovdiv BUL"]
[Date "2012.03.20"]
[Round "1.120"]
[White "Papin, Vasily"]
[Black "Pop, Alexandru"]
[Result "1-0"]
[WhiteTitle "GM"]
[WhiteElo "2575"]
[BlackElo "2272"]
[WhiteFideId "4143183"]
[BlackFideId "1220837"]
[EventDate "2012.03.20"]
[EventType "swiss"]

1. d4 Nf6 2. c4 g6 3. Nc3 d5 4. e3 Bg7 5. Qb3 dxc4 6. Bxc4 O-O 7. Nf3 Nc6 8. Ne5
Nxe5 9. dxe5 Ng4 10. f4 e6 11. O-O b6 12. Be2 Qh4 13. h3 Nh6 14. e4 Rd8 15. Be3
Bb7 16. Rac1 Rd7 17. Qa4 c6 18. Rfd1 Qe7 19. Ba6 Rxd1+ 20. Rxd1 Rc8 21. Be2 Ba8
22. Qd4 Bb7 23. Qd2 Qf8 24. a4 Kh8 25. Qd7 Rb8 26. a5 Ba8 27. a6 Qc8 28. Qxa7 1-0

[Event "13th EICC"]
[Site "Plovdiv BUL"]
[Date "2012.03.20"]
[Round "1.121"]
[White "Ben Artzi, Ido"]
[Black "Chatalbashev, Boris"]
[Result "0-1"]
[BlackTitle "GM"]
[WhiteElo "2271"]
[BlackElo "2570"]
[WhiteFideId "2810913"]
[BlackFideId "2900440"]
[EventDate "2012.03.20"]
[EventType "swiss"]

1. d4 c5 2. dxc5 e6 3. Nf3 Bxc5 4. c4 Nf6 5. e3 O-O 6. Be2 b6 7. O-O Bb7 8. Nc3
Be7 9. b3 Na6 10. Bb2 Nc5 11. Ne5 d6 12. Nd3 Rc8 13. Nxc5 bxc5 14. Bf3 d5 15.
Qc2 Qa5 16. Rfd1 Rfd8 17. cxd5 exd5 18. Qf5 c4 19. bxc4 Rxc4 20. Ne2 Ne4 21.
Bxe4 Rxe4 22. Nf4 Qb6 23. Bd4 Qh6 24. Qh5 Bg5 25. Qxh6 Bxh6 26. Nd3 a5 27. Rab1
Bc6 28. Rdc1 Rxd4 29. exd4 Bxc1 30. Rxc1 Bb5 31. Ne5 Re8 32. Rc5 Bc4 33. Rxa5 f6
34. Nf3 g5 35. h3 Re2 36. a4 Kg7 37. Ra7+ Kg6 38. a5 Ra2 39. Ra8 h5 40. Ra7 h4
41. Ra8 Kf5 42. Ra7 Be2 43. Ra8 Bc4 44. Ra7 Bd3 45. Ra8 Be2 46. Ra7 Ra1+ 47. Kh2
Rf1 48. Ng1 Bc4 49. Ra8 Rxf2 50. a6 Bf1 51. Nf3 Rxg2+ 52. Kh1 Ra2 53. a7 Bg2+ 0-1

[Event "13th EICC"]
[Site "Plovdiv BUL"]
[Date "2012.03.20"]
[Round "1.122"]
[White "Swiercz, Dariusz"]
[Black "Kjurkchiiski, Georgi"]
[Result "1-0"]
[WhiteTitle "GM"]
[WhiteElo "2565"]
[BlackElo "2266"]
[WhiteFideId "1126881"]
[BlackFideId "2901153"]
[EventDate "2012.03.20"]
[EventType "swiss"]

1. d4 Nf6 2. g3 g6 3. Bg2 Bg7 4. e4 d6 5. Nc3 O-O 6. Nge2 Nbd7 7. O-O e5 8. h3
exd4 9. Nxd4 Re8 10. Re1 Nc5 11. Nb3 Nfd7 12. Bf4 a5 13. Qd2 Ne6 14. Bh6 Bh8 15.
a4 Ne5 16. Qe2 Nc6 17. Be3 Ned4 18. Nxd4 Nxd4 19. Qd2 Ne6 20. Rab1 Bd7 21. b3
Bc6 22. f4 Bg7 23. Nd5 Bxd5 24. Qxd5 Bc3 25. Re2 Qc8 26. Qd3 Bb4 27. Kh2 Nc5 28.
Qd4 Qe6 29. Bc1 Nd7 30. Bb2 f6 31. Bf3 Bc5 32. Qc3 h5 33. e5 c6 34. exf6 Qxe2+
35. Bxe2 Rxe2+ 36. Kh1 Rae8 37. f7+ Kxf7 38. Qg7+ Ke6 39. Qxg6+ Ke7 40. Qg5+ Kf8
41. Qg7# 1-0

[Event "13th EICC"]
[Site "Plovdiv BUL"]
[Date "2012.03.20"]
[Round "1.123"]
[White "Bach, Adrian-Kalman"]
[Black "Lintchevski, Daniil"]
[Result "1-0"]
[WhiteTitle "FM"]
[BlackTitle "GM"]
[WhiteElo "2264"]
[BlackElo "2564"]
[WhiteFideId "1201107"]
[BlackFideId "4171055"]
[EventDate "2012.03.20"]
[EventType "swiss"]

1. e4 c6 2. d4 d5 3. Nc3 dxe4 4. Nxe4 Bf5 5. Ng3 Bg6 6. h4 h6 7. Bc4 e6 8. N1e2
Nf6 9. Nf4 Bh7 10. O-O Bd6 11. Re1 O-O 12. Ngh5 Nbd7 13. Nxe6 fxe6 14. Rxe6 Kh8
15. Rxd6 Qe7 16. Re6 Qb4 17. Nxf6 Qxc4 18. Nxh7 Qxe6 19. Nxf8 Rxf8 20. Be3 Qe4
21. g3 Nb6 22. Qd2 Re8 23. b3 Nd5 24. Re1 b5 25. c4 bxc4 26. bxc4 Nf6 27. Rd1
Qf3 28. Re1 Qe4 29. Qd1 a6 30. f3 Qe6 31. Qd3 Rb8 32. Bf2 Qf7 33. Kg2 Rb4 34.
Rc1 Qb7 35. Qf5 Rb2 36. Rc2 Rb1 37. g4 Qb4 38. g5 Ng8 39. d5 Rd1 40. dxc6 Qd6
41. Qc5 hxg5 1-0

[Event "13th EICC"]
[Site "Plovdiv BUL"]
[Date "2012.03.20"]
[Round "1.125"]
[White "Vlashki, Nino"]
[Black "Nevednichy, Vladislav"]
[Result "1-0"]
[BlackTitle "GM"]
[WhiteElo "2258"]
[BlackElo "2562"]
[WhiteFideId "2908743"]
[BlackFideId "1205730"]
[EventDate "2012.03.20"]
[EventType "swiss"]

1. e3 g6 2. f4 Bg7 3. Nf3 d6 4. d4 Nf6 5. c3 O-O 6. Be2 Nbd7 7. O-O c6 8. Qe1 e6
9. Nbd2 d5 10. Ne5 c5 11. a4 Qc7 12. Bd3 Ne8 13. Kh1 f6 14. Nxd7 Bxd7 15. dxc5
f5 16. Nb3 Nf6 17. c4 Ne4 18. cxd5 exd5 19. Qb4 Rfe8 20. a5 a6 21. Kg1 Rac8 22.
Rd1 Be6 23. Bxe4 dxe4 24. Bd2 Bxb2 25. Rab1 Bg7 26. Bc3 Bxc3 27. Qxc3 Qe7 28.
Rdc1 Rc7 29. Nd4 Rec8 30. c6 bxc6 31. Qc5 Qxc5 32. Rxc5 Bd7 33. Rb6 Ra8 34. Nc2
Be8 35. Nb4 Rd7 36. Nxc6 Rc7 37. Rc4 Bf7 38. Rd4 Kg7 39. Rd6 Rac8 40. Rxa6 Be8
41. Nd4 Rc3 42. Ra7+ Kg8 43. Kf2 Ra3 44. Re6 1-0

[Event "13th EICC"]
[Site "Plovdiv BUL"]
[Date "2012.03.20"]
[Round "1.126"]
[White "Grigoriants, Sergey"]
[Black "Medancic, Rikard"]
[Result "1/2-1/2"]
[WhiteTitle "GM"]
[BlackTitle "IM"]
[WhiteElo "2561"]
[BlackElo "2252"]
[WhiteFideId "4130804"]
[BlackFideId "14500531"]
[EventDate "2012.03.20"]
[EventType "swiss"]

1. e4 c5 2. Nf3 d6 3. d4 cxd4 4. Nxd4 Nf6 5. Nc3 g6 6. Be3 Bg7 7. f3 O-O 8. Qd2
Nc6 9. Bc4 Bd7 10. O-O-O Na5 11. Bb3 Rb8 12. Nd5 Nxb3+ 13. axb3 Re8 14. h4 b5
15. Bh6 Bh8 16. h5 Nxd5 17. exd5 b4 18. hxg6 fxg6 19. Nc6 Bxc6 20. dxc6 Qa5 21.
Qd5+ Qxd5 22. Rxd5 Rb6 23. Rh4 Bf6 24. Rc4 Rc8 25. Bd2 Rcxc6 26. Rxc6 Rxc6 27.
Bxb4 h5 28. Rd3 Kf7 29. c4 Ke6 30. Kc2 Kf5 31. Bd2 Ra6 32. Rd5+ Ke6 33. b4 Ra1
34. Bc1 Ra4 35. Kb3 Ra1 36. Kc2 Ra4 37. Bd2 Ra1 38. Be3 a6 39. Bc1 Kd7 40. Rd3
Ra4 41. Bd2 Ra1 42. Bc1 Ra4 43. Kb3 Ra1 44. Kc2 Ra4 45. Bd2 Ra1 46. Bc1 1/2-1/2

[Event "13th EICC"]
[Site "Plovdiv BUL"]
[Date "2012.03.20"]
[Round "1.127"]
[White "Kumic, Filip"]
[Black "Ipatov, Alexander"]
[Result "0-1"]
[BlackTitle "GM"]
[WhiteElo "2247"]
[BlackElo "2561"]
[WhiteFideId "931373"]
[BlackFideId "14116731"]
[EventDate "2012.03.20"]
[EventType "swiss"]

1. d4 g6 2. Nf3 Bg7 3. c4 d6 4. Nc3 Nc6 5. d5 Ne5 6. Nxe5 Bxe5 7. g3 c5 8. Bd2
Bd7 9. Bg2 a6 10. a4 h5 11. h3 Nh6 12. e4 f5 13. O-O h4 14. exf5 hxg3 15. fxg6
Nf5 16. fxg3 Qc7 17. g4 Nh4 18. a5 O-O-O 19. Na4 Kb8 20. Rb1 Rdg8 21. Bc3 Rxg6
22. Bxe5 dxe5 23. b4 e4 24. Nxc5 Bxg4 25. Qd4 Rhg8 26. d6 exd6 27. Nxa6+ bxa6
28. b5 Bf3 29. bxa6+ Kc8 0-1

[Event "13th EICC"]
[Site "Plovdiv BUL"]
[Date "2012.03.20"]
[Round "1.128"]
[White "Manolache, Marius"]
[Black "Pantic, Ivica"]
[Result "1-0"]
[WhiteTitle "GM"]
[WhiteElo "2561"]
[BlackElo "2242"]
[WhiteFideId "1201530"]
[BlackFideId "929395"]
[EventDate "2012.03.20"]
[EventType "swiss"]

1. d4 Nf6 2. c4 e6 3. Nf3 Bb4+ 4. Nbd2 O-O 5. Qc2 d5 6. e3 Ne4 7. a3 Bxd2+ 8.
Nxd2 f5 9. Be2 c6 10. O-O b6 11. Nxe4 dxe4 12. f3 exf3 13. Bxf3 Bb7 14. b4 Nd7
15. a4 a5 16. bxa5 Rxa5 17. Bd2 Ra7 18. Bc3 Qg5 19. e4 f4 20. Qf2 c5 21. a5 bxa5
22. d5 exd5 23. exd5 a4 24. Rfe1 Raa8 25. h4 Qg3 26. Qb2 Rab8 27. Re7 Rf7 28.
Qe2 Qg6 29. Bh5 Rxe7 30. Qxe7 Qg3 31. Bf3 Bc8 32. Qe6+ Kf8 33. Re1 Qg6 34. Qe7+
Kg8 35. Bh5 1-0

[Event "13th EICC"]
[Site "Plovdiv BUL"]
[Date "2012.03.20"]
[Round "1.130"]
[White "Nabaty, Tamir"]
[Black "Pavlidou, Ekaterini"]
[Result "1-0"]
[WhiteTitle "GM"]
[BlackTitle "WIM"]
[WhiteElo "2559"]
[BlackElo "2231"]
[WhiteFideId "2809052"]
[BlackFideId "4213262"]
[EventDate "2012.03.20"]
[EventType "swiss"]

1. d4 Nf6 2. c4 e6 3. Bg5 Bb4+ 4. Nd2 h6 5. Bh4 g5 6. Bg3 Ne4 7. Nf3 f5 8. e3
O-O 9. a3 Bxd2+ 10. Nxd2 Nxg3 11. hxg3 Qf6 12. Qh5 Kg7 13. Bd3 d6 14. g4 Nc6 15.
gxf5 exf5 16. O-O-O Bd7 17. g4 Ne7 18. f4 Rh8 19. Be2 fxg4 20. Bxg4 Raf8 21. f5
d5 22. cxd5 Nxd5 23. Ne4 Qc6+ 24. Nc5 Be8 25. Qh2 b6 26. Qe5+ Rf6 1-0

[Event "13th EICC"]
[Site "Plovdiv BUL"]
[Date "2012.03.20"]
[Round "1.133"]
[White "Hristodorescu, Daniel"]
[Black "Zontakh, Andrey"]
[Result "1-0"]
[WhiteTitle "FM"]
[BlackTitle "GM"]
[WhiteElo "2212"]
[BlackElo "2556"]
[WhiteFideId "1203100"]
[BlackFideId "14101130"]
[EventDate "2012.03.20"]
[EventType "swiss"]

1. e4 c6 2. Nc3 d5 3. Nf3 Bg4 4. h3 Bxf3 5. Qxf3 e6 6. d3 Nd7 7. g3 g6 8. Bg2
Bg7 9. O-O Ne7 10. Qe2 O-O 11. f4 a5 12. a4 Nc5 13. e5 f6 14. d4 Nd7 15. Be3
fxe5 16. dxe5 g5 17. fxg5 Nxe5 18. Rxf8+ Qxf8 19. Rf1 Qe8 20. Bc1 Nf5 21. Kh2
Qg6 22. Qd1 Nc4 23. Qd3 Rf8 24. Ne2 e5 25. b3 Ncd6 26. c4 e4 27. Qd1 dxc4 28.
bxc4 b6 29. Qb3 Qe6 30. Nf4 Qxc4 31. Qxc4+ Nxc4 32. Bxe4 Nd4 33. Bb1 b5 34. Ba2
Ne2 35. Re1 Nc3 36. Bxc4+ bxc4 37. Re7 Na2 38. Be3 Rb8 39. h4 c3 40. Nh5 Bh8 41.
Rc7 Re8 42. Bf4 c2 43. Rxc6 Re2+ 44. Kh3 Be5 45. Bxe5 c1=Q 46. Rxc1 Nxc1 47. Bc3
Nb3 48. Nf6+ Kg7 49. h5 Rc2 50. Nd5+ Kf7 51. Kg4 Rc1 52. Kf5 Rf1+ 1-0

[Event "13th EICC"]
[Site "Plovdiv BUL"]
[Date "2012.03.20"]
[Round "1.134"]
[White "Esen, Baris"]
[Black "Hristodoulou, Panagiotis"]
[Result "1-0"]
[WhiteTitle "GM"]
[WhiteElo "2555"]
[BlackElo "2203"]
[WhiteFideId "6302114"]
[BlackFideId "4214340"]
[EventDate "2012.03.20"]
[EventType "swiss"]

1. d4 Nf6 2. c4 g6 3. Nf3 Bg7 4. g3 O-O 5. Bg2 d6 6. O-O Nc6 7. Nc3 a6 8. Bf4
Rb8 9. Rc1 Bd7 10. Qd3 b5 11. b3 e6 12. e4 bxc4 13. bxc4 Nh5 14. Bg5 Qc8 15.
Rfe1 e5 16. c5 h6 17. Be3 exd4 18. Nxd4 Nb4 19. Qe2 dxc5 20. Nf5 gxf5 21. Qxh5
Nd3 22. Nd5 Kh7 23. e5 Nxe5 24. Nf6+ Bxf6 25. Qxh6+ Kg8 26. Qxf6 Ng4 27. Qg5+
Kh7 28. Qh5+ Kg7 29. Bxc5 Re8 30. h3 Ne5 31. Qg5+ Kh7 32. Bd4 Ng6 33. Qh5+ Kg8
34. Bd5 1-0

[Event "13th EICC"]
[Site "Plovdiv BUL"]
[Date "2012.03.20"]
[Round "1.135"]
[White "Sofranov, Velizar"]
[Black "Gabrielian, Artur"]
[Result "0-1"]
[BlackTitle "GM"]
[WhiteElo "2198"]
[BlackElo "2554"]
[WhiteFideId "2906465"]
[BlackFideId "4131002"]
[EventDate "2012.03.20"]
[EventType "swiss"]

1. Nf3 Nf6 2. c4 e6 3. g3 d5 4. Bg2 c5 5. O-O Nc6 6. d4 cxd4 7. cxd5 exd5 8.
Nxd4 Be7 9. Nc3 O-O 10. Bf4 Bg4 11. Rc1 Qd7 12. Nxc6 bxc6 13. Na4 Rfe8 14. Be3
Rab8 15. a3 Bh3 16. Re1 Bxg2 17. Kxg2 Bd6 18. Bc5 Be5 19. b4 Ne4 20. Bd4 Bd6 21.
Qd3 Re6 22. Be3 Rbe8 23. Nc3 Nf6 24. Qf5 a5 25. bxa5 Bxa3 26. Rb1 d4 27. Red1 c5
28. Nb5 Bb4 29. Nxd4 cxd4 30. Rxb4 Qc6+ 31. Kg1 dxe3 32. f3 Re5 33. Qf4 Rxa5 34.
Rd6 Qc1+ 35. Kg2 Ra1 36. Kh3 Qf1+ 37. Kh4 Ra5 38. Rxf6 g5+ 0-1

[Event "13th EICC"]
[Site "Plovdiv BUL"]
[Date "2012.03.20"]
[Round "1.136"]
[White "Jankovic, Alojzije"]
[Black "Senetia, Teodor"]
[Result "1-0"]
[WhiteTitle "GM"]
[WhiteElo "2553"]
[BlackElo "2188"]
[WhiteFideId "14505959"]
[BlackFideId "1217160"]
[EventDate "2012.03.20"]
[EventType "swiss"]

1. d4 Nf6 2. c4 c5 3. d5 e6 4. Nc3 exd5 5. cxd5 d6 6. e4 g6 7. f4 Bg7 8. Bb5+
Nfd7 9. Nf3 O-O 10. O-O a6 11. Bd3 b5 12. a3 f5 13. exf5 gxf5 14. Kh1 c4 15. Bc2
Nc5 16. Be3 Nbd7 17. Nd4 Nb6 18. Rf3 Qe8 19. Rg3 Kh8 20. Nc6 Bf6 21. Qg1 Bd7 22.
Bxc5 dxc5 23. Qxc5 Nxd5 24. Nxd5 Bxc6 25. Nc7 Qc8 26. Qd6 Ra7 27. Ne6 Rff7 28.
Ng5 Bxb2 29. Nxf7+ Rxf7 30. Re1 Be4 31. Bxe4 fxe4 32. Rge3 Qc7 33. Qb4 Qxf4 34.
Qxb2+ 1-0

[Event "13th EICC"]
[Site "Plovdiv BUL"]
[Date "2012.03.20"]
[Round "1.137"]
[White "Mindlin, Alon"]
[Black "Prohaszka, Peter2"]
[Result "0-1"]
[BlackTitle "GM"]
[WhiteElo "2186"]
[BlackElo "2553"]
[WhiteFideId "2800071"]
[BlackFideId "726265"]
[EventDate "2012.03.20"]
[EventType "swiss"]

1. d4 Nf6 2. c4 e6 3. Nc3 Bb4 4. e3 c5 5. Nf3 Nc6 6. Bd3 Bxc3+ 7. bxc3 d6 8. e4
e5 9. d5 Ne7 10. O-O Ng6 11. Ne1 O-O 12. f3 Qa5 13. Bd2 Nd7 14. g3 Nb6 15. Qb3
f5 16. Ng2 f4 17. g4 Bd7 18. Qd1 Ba4 0-1

[Event "13th EICC"]
[Site "Plovdiv BUL"]
[Date "2012.03.20"]
[Round "1.138"]
[White "Szabo, Gergely-Andras-Gyula"]
[Black "Scekic, Veljko"]
[Result "1-0"]
[WhiteTitle "GM"]
[WhiteElo "2553"]
[BlackElo "2186"]
[WhiteFideId "1205064"]
[BlackFideId "940020"]
[EventDate "2012.03.20"]
[EventType "swiss"]

1. e4 c6 2. d4 d6 3. Nc3 g6 4. Be3 Bg7 5. Qd2 b5 6. Bd3 a6 7. Nf3 Nd7 8. a4 b4
9. Ne2 a5 10. O-O Ngf6 11. e5 dxe5 12. dxe5 Ng4 13. e6 fxe6 14. Ned4 Nde5 15.
Be4 Bd7 16. Nxe5 Nxe5 17. Bh6 Bf6 18. Rad1 Qc8 19. Rfe1 Nc4 20. Qd3 Nd6 21. Nb3
e5 22. Nc5 Bf5 23. f4 Nf7 24. fxe5 Bxe5 25. Qe3 Bxe4 26. Qxe4 Nxh6 27. Qxe5 O-O
28. Ne6 Rf7 29. Rd8+ Qxd8 30. Nxd8 Rxd8 31. Qxa5 Rd2 32. Qa8+ 1-0

[Event "13th EICC"]
[Site "Plovdiv BUL"]
[Date "2012.03.20"]
[Round "1.139"]
[White "Stamnov, Aleksander"]
[Black "Maiorov, Nikita1"]
[Result "0-1"]
[WhiteTitle "FM"]
[BlackTitle "GM"]
[WhiteElo "2184"]
[BlackElo "2552"]
[WhiteFideId "15000664"]
[BlackFideId "13501720"]
[EventDate "2012.03.20"]
[EventType "swiss"]

1. e4 e5 2. Nf3 Nc6 3. d4 exd4 4. Bc4 Bc5 5. Ng5 Nh6 6. Bxf7+ Nxf7 7. Nxf7 Kxf7
8. Qh5+ g6 9. Qxc5 d5 10. e5 Bf5 11. O-O Qd7 12. Re1 Rhe8 13. Bf4 b6 14. Qa3
Bxc2 15. Nd2 Kg8 16. e6 Rxe6 17. Rxe6 Qxe6 18. Bxc7 Re8 19. h3 d3 20. Nf3 Rf8
21. Qc3 Qf6 22. Qe1 Rf7 23. Qe8+ Kg7 24. Bg3 Re7 25. Qc8 Qxb2 26. Rf1 Qf6 27.
Bh4 Qe6 28. Qa6 Rc7 29. Qa3 d4 30. Bg5 Rf7 31. Re1 Qd7 32. Qc1 Kg8 33. Bh6 Re7
34. Rxe7 Qxe7 35. Qf4 Ba4 36. Ng5 Qe1+ 37. Kh2 Qe5 38. Nf3 Qxf4+ 39. Bxf4 Bd1
40. Nd2 Kf7 41. Bd6 Ke6 42. Ba3 Kd5 43. f4 a5 44. g4 b5 45. Kg3 a4 0-1

[Event "13th EICC"]
[Site "Plovdiv BUL"]
[Date "2012.03.20"]
[Round "1.141"]
[White "Pogosian, Vladimir"]
[Black "Papp, Gabor1"]
[Result "0-1"]
[BlackTitle "GM"]
[WhiteElo "2153"]
[BlackElo "2551"]
[WhiteFideId "13301586"]
[BlackFideId "718602"]
[EventDate "2012.03.20"]
[EventType "swiss"]

1. e4 c5 2. Ne2 d6 3. g3 Nc6 4. Bg2 g6 5. c3 Bg7 6. d4 cxd4 7. cxd4 Bg4 8. f3
Bd7 9. Nbc3 Nf6 10. Be3 O-O 11. Qd2 a6 12. O-O b5 13. b3 b4 14. Nd5 Nxd5 15.
exd5 Na7 16. Qxb4 Nb5 17. Qd2 Qb6 18. Rac1 a5 19. a4 Nc7 20. Bh6 Bxh6 21. Qxh6
Nxd5 22. f4 Qxb3 23. f5 Qe3+ 24. Qxe3 Nxe3 25. Bxa8 Nxf1 26. Bc6 Bxc6 27. Rxc6
Ne3 0-1

[Event "13th EICC"]
[Site "Plovdiv BUL"]
[Date "2012.03.20"]
[Round "1.142"]
[White "Nikolov, Momchil"]
[Black "Makka, Ioulia"]
[Result "1-0"]
[WhiteTitle "GM"]
[BlackTitle "WIM"]
[WhiteElo "2550"]
[BlackElo "2152"]
[WhiteFideId "2905710"]
[BlackFideId "4205316"]
[EventDate "2012.03.20"]
[EventType "swiss"]

1. d4 Nf6 2. Nf3 e6 3. e3 b6 4. Bd3 Bb7 5. O-O d5 6. Ne5 Bd6 7. f4 O-O 8. Nd2
Nbd7 9. b3 Ne4 10. Nxe4 dxe4 11. Bc4 a6 12. Bb2 b5 13. Be2 f6 14. Nxd7 Qxd7 15.
c4 Bc6 16. Rc1 bxc4 17. Bxc4 Bb5 18. Qg4 Bxc4 19. Rxc4 f5 20. Qd1 Qe7 21. Qd2
Rfd8 22. Qa5 g5 23. d5 gxf4 24. exf4 Kf7 25. Be5 Rd7 26. Rfc1 Bxe5 27. dxe6+
Qxe6 28. fxe5 Qh6 29. Qe1 Rad8 30. Rc6 Qxc6 31. Rxc6 Rd1 32. Kf1 Rxe1+ 33. Kxe1
Rd5 34. Rf6+ Ke7 35. Rxf5 Rc5 36. Kd2 Rd5+ 37. Ke3 Rd3+ 38. Kxe4 Rd2 39. Rh5
Rxg2 40. Rxh7+ Ke6 41. Rh6+ Kd7 42. Rxa6 Rxh2 43. e6+ Ke7 44. Kd5 Rc2 45. b4 Rb2
46. a3 Rb3 47. Kc6 Kxe6 48. Kxc7+ Kd5 49. Kb6 Kc4 50. Ra4 Rh3 51. b5+ Kb3 52.
Re4 Kxa3 53. Ka6 Kb2 54. b6 Ra3+ 55. Kb5 Rh3 56. b7 1-0

[Event "13th EICC"]
[Site "Plovdiv BUL"]
[Date "2012.03.20"]
[Round "1.143"]
[White "Arnaudov, Petar"]
[Black "Fedoseev, Vladimir3"]
[Result "0-1"]
[BlackTitle "GM"]
[WhiteElo "2149"]
[BlackElo "2548"]
[WhiteFideId "2901706"]
[BlackFideId "24130737"]
[EventDate "2012.03.20"]
[EventType "swiss"]

1. e4 c5 2. Nc3 a6 3. g3 b5 4. Bg2 Bb7 5. d3 e6 6. f4 b4 7. Nce2 d5 8. exd5 Nf6
9. Nf3 Qxd5 10. O-O Qd6 11. Kh1 Nbd7 12. a3 bxa3 13. Rxa3 Be7 14. Nc3 Qc7 15.
Ra1 O-O 16. Nd2 Nd5 17. Nde4 c4 18. Nxd5 Bxd5 19. dxc4 Bxc4 20. Re1 Rad8 21. Qh5
Bd5 22. c3 f5 23. Ng5 Bxg2+ 24. Kxg2 Bxg5 25. fxg5 e5 26. Qf3 Nc5 27. Be3 Nd3
28. Re2 Qc4 29. Kg1 Rb8 30. Rd1 Nxb2 31. Qd5+ Qxd5 32. Rxd5 Nc4 0-1

[Event "13th EICC"]
[Site "Plovdiv BUL"]
[Date "2012.03.20"]
[Round "1.145"]
[White "Mogilarov, Dimitar"]
[Black "Cornette, Matthieu"]
[Result "0-1"]
[BlackTitle "GM"]
[WhiteElo "2147"]
[BlackElo "2545"]
[WhiteFideId "2905248"]
[BlackFideId "620084"]
[EventDate "2012.03.20"]
[EventType "swiss"]

1. e4 d5 2. exd5 Qxd5 3. Nc3 Qa5 4. Nf3 Nf6 5. Bc4 Nc6 6. h3 Bf5 7. O-O e6 8. d3
a6 9. Bd2 Qc5 10. a3 Be7 11. Bf4 b5 12. Bb3 Bg6 13. d4 Qf5 14. Qd2 O-O-O 15. Ne2
Nd5 16. Bg3 Bh5 17. Ne5 Nxe5 18. Bxe5 Nb6 19. g4 Qxe5 20. gxh5 Qxh5 21. Qe3 Nd5
22. Bxd5 Qxd5 23. a4 b4 24. c3 g5 25. Rac1 g4 26. hxg4 Rdg8 27. cxb4 Rxg4+ 28.
Ng3 Rhg8 29. Qd3 Rh4 30. f4 Rh1+ 31. Kf2 Rh2+ 32. Ke1 Rg2 0-1

[Event "13th EICC"]
[Site "Plovdiv BUL"]
[Date "2012.03.20"]
[Round "1.147"]
[White "Cherednichenko, Elena"]
[Black "Neverov, Valeriy"]
[Result "1/2-1/2"]
[WhiteTitle "WFM"]
[BlackTitle "GM"]
[WhiteElo "2130"]
[BlackElo "2544"]
[WhiteFideId "14105560"]
[BlackFideId "14100150"]
[EventDate "2012.03.20"]
[EventType "swiss"]

1. d4 Nf6 2. Nf3 e6 3. e3 b6 4. Bd3 Bb7 5. c4 d5 6. O-O Bd6 7. b3 O-O 8. Bb2 c5
9. Qe2 Nc6 10. Nbd2 cxd4 11. exd4 Qe7 12. Rad1 Rfd8 13. Ne5 a5 14. a4 dxc4 15.
Ndxc4 Nb4 16. Bb1 Ba6 17. Rfe1 Rac8 18. Qf3 Bb7 19. Qh3 Nbd5 20. Qh4 Bb4 21. Rf1
g6 22. Bd3 Rc7 23. Bb1 Nh5 24. Qxe7 Rxe7 25. g3 f6 26. Nd3 Nc3 27. Bxc3 Bxc3 28.
Nxb6 Bf3 29. Rc1 Bxd4 30. Nc4 Ra7 31. Rfe1 Ng7 32. Na3 Rad7 33. Nc4 Ra7 34. Na3
Bb6 35. Nc4 Bc7 36. Na3 Bb8 37. Nc5 Rc7 38. Nb5 Re7 39. Be4 Bxe4 40. Nxe4 f5 41.
Nc5 Kf7 42. Na6 Ne8 43. Nxb8 Rxb8 44. Nd4 Rc7 45. Rc4 Rxc4 46. bxc4 Nc7 47. Nc6
Rb6 48. Nxa5 Ra6 49. Re5 Ne8 50. Nb7 Rxa4 51. Nd8+ Ke7 52. Nxe6 Rxc4 1/2-1/2

[Event "13th EICC"]
[Site "Plovdiv BUL"]
[Date "2012.03.20"]
[Round "1.148"]
[White "Durarbayli, Vasif"]
[Black "Berman, Mark"]
[Result "1-0"]
[WhiteTitle "GM"]
[WhiteElo "2543"]
[BlackElo "2129"]
[WhiteFideId "13402935"]
[BlackFideId "2806665"]
[EventDate "2012.03.20"]
[EventType "swiss"]

1. e4 e6 2. d4 d5 3. Nd2 Nf6 4. e5 Nfd7 5. c3 c5 6. Bd3 Nc6 7. Ndf3 cxd4 8. cxd4
Bb4+ 9. Bd2 Qa5 10. Ne2 Bxd2+ 11. Qxd2 Qxd2+ 12. Kxd2 f6 13. exf6 gxf6 14. Nf4
Kf7 15. Rhe1 Nb6 16. Rac1 Bd7 17. b3 Rae8 18. Rc5 Rc8 19. Rec1 Ke7 20. Bb5 Kd6
21. Nd3 a6 22. Bxc6 Bxc6 23. Ra5 Nd7 24. Nc5 Nxc5 25. Raxc5 b6 26. R5c3 Bd7 27.
Rxc8 Rxc8 28. Rxc8 Bxc8 29. Ke3 e5 30. Nh4 a5 31. f4 e4 32. Kd2 Bd7 33. Kc3 Bc8
34. h3 h5 35. f5 Bd7 36. Kd2 a4 37. bxa4 Bxa4 38. Ng6 Bd7 39. g4 hxg4 40. hxg4
Bb5 41. Nf4 Bc4 42. a3 Bb5 43. Ke3 Be8 44. Kf2 Bf7 45. Kg3 Ke7 46. Kh4 Kf8 47.
Ne2 Ke7 48. Nc3 Kd6 49. Na4 Be8 50. Nxb6 Bb5 51. Kg3 Kc6 52. a4 Be2 53. a5 Bd1
54. g5 fxg5 55. f6 Bh5 56. Nxd5 Kb5 57. Nc3+ Kxa5 58. Nxe4 Kb5 59. Nxg5 Kc4 60.
Kh4 Be8 61. Nf3 Kd5 62. Kg5 Ke4 63. Kh6 1-0

[Event "13th EICC"]
[Site "Plovdiv BUL"]
[Date "2012.03.20"]
[Round "1.149"]
[White "Andok, Claus Michael"]
[Black "Zoler, Dan"]
[Result "0-1"]
[BlackTitle "GM"]
[WhiteElo "2116"]
[BlackElo "2541"]
[WhiteFideId "24602000"]
[BlackFideId "2800705"]
[EventDate "2012.03.20"]
[EventType "swiss"]

1. e4 c5 2. Nf3 d6 3. d4 cxd4 4. Nxd4 Nf6 5. Nc3 a6 6. Bg5 e6 7. f4 Qc7 8. Qf3
b5 9. Bd3 b4 10. Nce2 Nbd7 11. O-O-O Bb7 12. Bxf6 gxf6 13. Qh5 Nc5 14. Kb1 O-O-O
15. f5 e5 16. Nb3 Nxe4 17. Qh4 d5 18. Bxe4 dxe4 19. Qxf6 Bd6 20. Ng3 Rhg8 21.
Rhe1 Rg4 22. Rd2 Qe7 23. Qxe7 Bxe7 24. Rxd8+ Kxd8 25. Nd2 h5 26. Re2 e3 27. Ndf1
Bc5 28. Nxe3 Bxe3 29. Rxe3 h4 30. Ne2 Rxg2 31. h3 f6 32. a3 bxa3 33. bxa3 Bc8 0-1